000
00386nam a2200133Ia 4500
008
151001s9999||||xx |||||||||||||| ||und||
100
_a
उषादेवी विजय कोल्हाटकर
245
_a
खेळ भावनांचा
250
_a
1
260
_b
अनुबंध प्रकाशन
260
_c
1992
300
_a
144
365
_b
21
999
_c
969542
_d
969539